| 000 | 00391nam a22001457a 4500 | ||
|---|---|---|---|
| 003 | MACL | ||
| 005 | 20160130161524.0 | ||
| 008 | 160130b xxu||||| |||| 00| 0 eng d | ||
| 040 | _cMACL | ||
| 041 | _aEnglish | ||
| 100 |
_aGupta Uma Das _915190 |
||
| 245 | _aHistory Of Science Philosophy And Culture In Indian Civilization | ||
| 260 |
_aNew Delhi _bPearson Longman _c2011 |
||
| 942 |
_2ddc _cBK |
||
| 999 |
_c52963 _d52963 |
||